000 00886nmm a2200289 a 4500
001 ocm000604356
003 TR-IsHL
005 20201028131800.0
008 131028s2010 tu tur
007 cr cn
020 _a9789753853729
035 _a604356
_b(N$T)
050 0 4 _aPQ1827.A6
_bH3 2010
090 0 4 _aPQ1827.A6
_bH3 2010
100 1 _aMoliere
245 1 0 _aHastalık hastası
_h[electronic resource] /
_cMoliere ; çev. Tuncay Türk
250 _a1. bs.
260 _aİstanbul :
_bOda Yayınları,
_c2010
300 _a110 p.
650 4 _aDil ve Edebiyat
650 4 _aLanguage and Literature
650 0 _aFransız tiyatrosu
650 0 _aFrench theater
650 7 _aLITERARY COLLECTIONS / European / French
_2bisacsh
700 1 _aTürk, Tuncay
856 4 0 _uhttp://search.ebscohost.com/login.aspx?direct=true&scope=site&db=e011xww&AN=604356
999 _c4746
_d4746